| 000 | 01961nam a2200553 i 4500 | ||
|---|---|---|---|
| 001 | 40567 | ||
| 003 | KOSZ 005 | ||
| 005 | 20240405063132.0 | ||
| 008 | 200608s2002 pl a f 100 0 ger | ||
| 015 | _aUWD 2010/2520 | ||
| 020 | _a8388283855 | ||
| 035 | _a991023908269705066 | ||
| 035 | _a(PL-WaBN)b16533963-48omnis_nlop | ||
| 035 | _ab16533963 | ||
| 035 | _a(OCoLC)830616524 | ||
| 035 | _a(PL)b0000001653396 | ||
| 035 | _a(EXLNZ-48OMNIS_NETWORK)9910315859305606 | ||
| 040 |
_aWA N _cWA N _dKOSZ 005/RW |
||
| 041 | 0 |
_ager _bpol |
|
| 046 | _k2002 | ||
| 080 | _a332.1(438) | ||
| 080 | _a339.7(4-67) | ||
| 245 | 0 | 0 |
_aProjektzusammenarbeit in einem vereinten Europa : _bBeiträge zum Seminar / _cHerausgeber: Michał Jasiulewicz, Bogusław Polak, Franz Stepanek. |
| 260 |
_aKoszalin : _bTechnische Universität Koszalin, _c2002. |
||
| 300 |
_a169 stron : _bilustracje ; _c24 cm. |
||
| 336 |
_aTekst _btxt _2rdacontent |
||
| 337 |
_aBez urządzenia pośredniczącego _bn _2rdamedia |
||
| 338 |
_aWolumin _bnc _2rdacarrier |
||
| 380 | _aKsiążki | ||
| 380 | _aPublikacje naukowe | ||
| 388 | _a2001- | ||
| 504 | _aBibliografia przy referatach. | ||
| 546 | _aStreszczenie w języku polskim przy referatach. | ||
| 610 | 2 | 7 |
_aProgramy pomocowe UE _2DBN |
| 648 | 7 | _a1901-2000 | |
| 648 | 7 | _a1989-2000 | |
| 648 | 7 | _a2001- | |
| 651 | 7 | _aPolska | |
| 655 | 7 |
_aMateriały konferencyjne _2DBN |
|
| 658 | _aGospodarka, ekonomia, finanse | ||
| 650 | 7 |
_aGospodarka regionalna _2DBN |
|
| 700 | 1 |
_aJasiulewicz, Michał _d(1946- ) _eRedakcja |
|
| 700 | 1 |
_aPolak, Bogusław _d(1945- ) _eRedakcja |
|
| 700 | 1 |
_aStepanek, Franz _eRedakcja |
|
| 710 | 2 |
_aWydawnictwo Uczelniane (Politechnika Koszalińska) _4pbl |
|
| 856 |
_uhttp://koha.tu.koszalin.pl/cgi-bin/koha/opac-detail.pl?biblionumber=40567 _yKatalog online BPK |
||
| 942 |
_2UKD _cKS |
||
| 999 |
_c40567 _d40567 |
||